000 01033cam a2200301 4500
008 090401t1996 xxu||||| |||| 00| 0 eng d
020 _a0333646908
035 _a(Sirsi) u37621
041 _aeng
050 _a333.33
100 _aIsaac, David
245 _aProperty development appraisal and finance.
260 _aBasingstoke, Hampshire
_bMacMillan
_c1996
300 _axiv,287p. ; 21cm.
350 _a19.99
490 _aMacmillan Building and Surveying Series
520 _aA general overview of property development aimed at both students and practitioners. Examines the stages of the development process, emphasis placed on appraisal and finance.
520 _aSuperseded by second edition (ISBN 9780230201781 ).
650 _aDEVELOPMENT APPRAISAL
650 _aDEVELOPMENT FINANCE
650 _aProject management
_96261
650 _aPROPERTY DEVELOPMENT
650 _aPROPERTY FINANCE
650 _aValuation
_96273
690 _aPROPERTY-PROPERTY DEVELOPMENT
942 _n0
948 _c04/03/1997
999 _c90512
_d90512